| 000 | 00000nas 2200000za 4500 |
| 001 | 9.503641 |
| 003 | CaOODSP |
| 005 | 20230209141333 |
| 007 | cr ||||||||||| |
| 008 | 150406d20022011xxc|| p o||||f| |0fre|d |
| 040 | |aCaOODSP|bfre |
| 043 | |an-cn--- |
| 086 | 1 |aIu83-23F-PDF |
| 110 | 1 |aCanada.|bIndustrie Canada. |bCommission canadienne du tourisme. |
| 245 | 10|aCommission canadienne du tourisme - plan stratégique. |
| 264 | 1|aVancouver, Colombie Britannique : |bIndustrie Canada |
| 310 | |aTous les cinq ans |
| 362 | 1 |aParaît depuis [2002-2004]; ne paraît plus après 2007-2011. |
| 691 | 07|aTourisme|2gcpds |
| 691 | 07|aVoyages internationaux|2gcpds |
| 691 | 07|aGestion stratégique|2gcpds |
| 775 | 08|tCanadian Tourism Commission strategic plan.|w(CaOODSP)9.507247 |